| 000 | 00751cam a2200229 4500 | ||
|---|---|---|---|
| 008 | 090401t1988 xxu||||| |||| 00| 0 eng d | ||
| 020 | _a0947763341 | ||
| 035 | _a(Sirsi) u60325 | ||
| 041 | _aeng | ||
| 050 | _a333.00715 | ||
| 110 |
_aCollege of Estate Management _9400 |
||
| 245 | 2 | _aA guide to good practice: excellence through management and education. | |
| 260 |
_aReading _bCollege of Estate Management _c1988 |
||
| 300 | _a(74)p. : ill. ; 21x30cm. | ||
| 350 | _a0 | ||
| 520 | _aReport on the importance of CPD for the property profession. | ||
| 650 | _aABOUT RICS-RICS MEMBERS | ||
| 650 | _aCONTINUING PROFESSIONAL DEVELOPMENT | ||
| 690 | _aMANAGEMENT-BUSINESS MANAGEMENT-PROFESSIONAL PRACTICE | ||
| 942 | _n0 | ||
| 948 | _c04/03/1997 | ||
| 999 |
_c94226 _d94226 |
||